| 000 | 00556nam a2200205Ia 4500 | ||
|---|---|---|---|
| 003 | OSt | ||
| 005 | 20250806172312.0 | ||
| 008 | 210423s9999 xx 000 0 und d | ||
| 040 | _cAL | ||
| 041 | _aEnglish | ||
| 082 |
_a320 _b MALI |
||
| 100 |
_aJohn Malickal _9117797 |
||
| 245 | _aIndian political parties and idedapies | ||
| 260 |
_aBangalore _bUBS Publishers _c2009 |
||
| 300 |
_a3,30 _bPB |
||
| 650 |
_aPolitical Science _9117798 |
||
| 650 |
_aPolitical Science _9117798 |
||
| 906 | _aidedapies ; Indian ; parties ; political | ||
| 942 |
_2ddc _cBK |
||
| 999 |
_c174609 _d174609 |
||